000 00491nam a2200193Ia 4500
005 20250423100436.0
008 250422s9999 xx 000 0 und d
020 _a9780199234356
050 _aR 726.8 .W38/
100 _aWatson S. Max
245 0 _aOxford handbook of palliative care
250 _a2nd ed.
260 _a New York
260 _b Oxford University Press
260 _c2010
300 _a1035 p
650 _aPalliative treatment. Internal medicine.
942 _cBK
999 _c33317
_d33317